IFM Opac

CISCO 2600 SERIES HARDWARE INSTALLATOING GUIDE (Record no. 14531)

MARC details
000 -LEADER
fixed length control field 00299nam a2200121 4500
082 ## - DEWEY DECIMAL CLASSIFICATION NUMBER
Classification number 005 .8 CIS
245 ## - TITLE STATEMENT
Title CISCO 2600 SERIES HARDWARE INSTALLATOING GUIDE
260 ## - PUBLICATION, DISTRIBUTION, ETC.
Place of publication, distribution, etc. LONDON
Name of publisher, distributor, etc. PEARSON
Date of publication, distribution, etc. 2000
300 ## - PHYSICAL DESCRIPTION
Extent xviii,318p.
Other physical details ill,;21cm
500 ## - GENERAL NOTE
General note include index
650 ## - SUBJECT ADDED ENTRY--TOPICAL TERM
Topical term or geographic name entry element GUIDE
942 ## - ADDED ENTRY ELEMENTS (KOHA)
Koha item type Books
Holdings
Withdrawn status Lost status Source of classification or shelving scheme Damaged status Not for loan Home library Current library Shelving location Date acquired Full call number Barcode Date last seen Price effective from Koha item type
    Dewey Decimal Classification     IFM Main Campus Library IFM Main Campus Library   12/31/2015 005 .8 CIS 0000029822 12/31/2015 02/19/2022 Books